| 000 | 00894cam a22002775a 4500 | ||
|---|---|---|---|
| 001 | 3543066 | ||
| 005 | 20201128021252.0 | ||
| 008 | 970502t1997 nyua frb 001 0 eng d | ||
| 020 | _a082479799X (hc : acidfree paper) | ||
| 020 | _a9780824797997 | ||
| 040 |
_aDLC _cDLC _dDLC _dEG-ScBUE |
||
| 082 | 0 | 0 |
_a668.9 _222 _bHAN |
| 245 | 0 | 0 |
_aHandbook of engineering polymeric materials / _cedited by Nicholas P. Cheremisinoff. |
| 260 |
_aNew York : _bMarcel Dekker, _cc.1997. |
||
| 300 |
_axii, 881 p. : _bill. ; _c29 cm. |
||
| 500 | _aIndex : p. 859-881. | ||
| 504 | _aIncludes bibliographical references. | ||
| 650 | 7 |
_apolymers. _2BUEsh _95875 |
|
| 650 | 7 |
_aPolymeric composites. _2BUEsh _95876 |
|
| 650 | 7 |
_aElastomers. _2BUEsh _91858 |
|
| 651 | _2BUEsh | ||
| 653 |
_bENGCHE _cMay2015 |
||
| 655 |
_vreading book _934232 |
||
| 700 | 1 |
_aCheremisinoff, Nicholas P., _96591 _eeditor. |
|
| 942 | _2ddc | ||
| 999 |
_c19423 _d19395 |
||